00584nam a2200193Ia 450000500170000000800410001702000150005808200130007324500520008626000530013830000180019165000080020965000230021765000150024070000190025594200060027495200950028099900150037520240605064141.0240331s9999 xx 000 0 und d a8175344156 bLAWa344 0aLaw relating sexual harassment at the workplace aDelhibUniversal Law Publishing CO.PVT.LTDc2004 axxxix,311 p., aLaw aSexual Harassment  aWorkplace  aJaising, I. ed cL 001040708LaWERCLbWERCLcSSCd2024-03-31l0o 344 LAWp1942r2024-03-31w2024-03-31yL c2834d2834